Statistics for Grey's Anatomy Nicknames

Click here to take the quiz!

General Stats

  • This quiz has been taken 313 times
  • The average score is 7 of 9

Answer Stats

HintAnswer% Correct
"The Nazi"Miranda Bailey
97%
"McDreamy"Derek Shepherd
90%
"007"George O'Malley
88%
"LexiPedia"Lexie Grey
87%
"Medusa"Meredith Grey
87%
"Dr. Model"Izzie Stevens
82%
"Dr. Evil Spawn"Alex Karev
82%
"Aggressiva"Addison Montgomery
42%
"McSteamy"Mark Sloane
37%

Score Distribution

Percentile by Number Answered

Percent of People with Each Score

Your Score History

You have not taken this quiz